| 000 | 00640cam a2200217 4500 | ||
|---|---|---|---|
| 001 | ##J64091 | ||
| 002 | ##5440 | ||
| 008 | 000000n2001 000 0 eng u | ||
| 035 | _a(Sirsi) u112135 | ||
| 041 | 0 | _aeng | |
| 050 | 0 | 4 | _a692.8 $2 18 |
| 110 | 2 |
_aRoyal Institution of Chartered Surveyors _94900 |
|
| 245 | 0 | 0 |
_aCertificate of practical completion _bJCT 1998 |
| 260 |
_aLondon _bRICS _c2001 |
||
| 300 |
_a1 _fsample pad _c30cm. |
||
| 490 | 0 | _aRICS Stationery | |
| 650 | 2 | 4 | _aJCT STANDARD FORM OF BUILDING CONTRACT (1998 EDITION) |
| 651 | 4 |
_aUnited Kingdom _y |
|
| 690 | _aBUILT ENVIRONMENT-BUILDING CONTRACT FORMS | ||
| 942 | _n0 | ||
| 999 |
_c101365 _d101365 |
||